00494nam a22001457a 4500008004100000020001800041050002200059100002500081245006800106260003500174300006700209650002700276700002300303700002200326150911b xxu||||| |||| 00| 0 eng d a9780324014150 aHF 5718 .O38 2001 aO'Hair, H Dand2001 aBusiness CommunicationbA Framework for Success.cH. Dan O'Hair aAustraliabSouth-Westernc2001 axxviii,665p;illbIncludes bibliographical references and index aBusiness Communication aO'Rourke, James S. aO'Hair, Mary John